| 000 | 00516 a2200169 4500 | ||
|---|---|---|---|
| 003 | Nust | ||
| 005 | 20170207153426.0 | ||
| 040 | _cNust | ||
| 082 | _a005.1 | ||
| 100 | _aNaureen , Ayesha BESE-07 | ||
| 245 |
_aMultimedia (SMS, MMS, Audio, Video) over position aware personal area mobile AD HOC wireless networks (Papamanets) (Hard / Soft-copy) _cAyesha Naureen & Kharia Ahmed BESE-07 |
||
| 260 |
_bMCS _c2005 |
||
| 300 | _a100 p | ||
| 538 | _aAlmirah No.71 Shelf No.4 | ||
| 650 | _aUG Projects | ||
| 651 | _aUG CS Projects | ||
| 942 | _cTHS | ||
| 999 |
_c185932 _d185932 |
||